| 000 | 00000nas##2200000za#4500 |
| 001 | 9.514067 |
| 003 | CaOODSP |
| 005 | 20210615082835 |
| 007 | ta |
| 008 | 150406c1994||||xxc|| p #||||f| |0fre|d |
| 040 | |aCaOODSP|bfre |
| 043 | |an-cn--- |
| 086 | 1 |aTU1-3F |
| 110 | 2 |aBureau de la sécurité des transports du Canada. |
| 245 | 10|aSommaire statistique du BST, événements aéronautiques |
| 246 | 3 |aSommaire statistique, événements aéronautiques |
| 260 | |aOttawa - Ontario : |bBureau de la sécurité des transports du Canada |
| 310 | |aAnnuel |
| 362 | 1 |a1991- |
| 520 | 3 |aA pour objet de fournir un résumé des statistiques annuelles sur les événements aéronautiques aux personnes qui s’intéressent à la sécurité aérienne au Canada. |
| 691 | 07|aAccident d'avion|2gcpds |
| 691 | 07|aSécurité des transports|2gcpds |
| 775 | 08|tTSB statistical summary of aviation occurrences |w(CaOODSP)9.515745 |
| 776 | 0#|tSommaire statistique des événements aéronautiques |w(CaOODSP)9.502182 |